| 000 | 00595cam a2200181 a 4500 | ||
|---|---|---|---|
| 001 | 17045705 | ||
| 005 | 20241102131639.0 | ||
| 008 | 111115s2012 enk 000 0 eng | ||
| 020 | _a9780273678595 (pbk.) | ||
| 050 | 0 | 0 | _aKD3009 |
| 100 | 1 | _aWilley, Brian. | |
| 245 | 1 | 0 |
_aEmployment law in context : _ban introduction for HR professionals / _cBrian Willey ; |
| 250 | _aSecond ed. | ||
| 260 |
_aHarlow, England ; _aNew York : _bPearson Education Ltd, _c2003. |
||
| 300 |
_axxxiv, 625 p. ; _c25 cm. _bIndex |
||
| 650 | 0 |
_aLabor laws and legislation _zGreat Britain. |
|
| 942 |
_2lcc _cBK _eSecond Ed. _n0 |
||
| 999 |
_c556 _d556 |
||